Identify the ski jumper from the scattered letters - Statistics

General Stats
  • This quiz has been taken 339 times
  • The average score is 9 of 10
Answer Stats
% Correct
R Y U O Y // O K A A S I H Y B Ryoyu Kobayashi
97%
R L K A // G G E R E I Karl Geiger
96%
F A N E S T // K R T F A Stefan Kraft
96%
I D D A W // U B A I K K C Dawid Kubacki
92%
A R D R C H R I // T A F R I E G Richard Freitag
91%
L A M I K // O C S T H Kamil Stoch
90%
T R E P E // V C R P E Peter Prevc
90%
I O N M S // M N M N A A Simon Ammann
88%
U K I A Y Y // T O S A Yukiya Sato
87%
T E S H N A P // E E H Y L Stephan Leyhe
85%
No matching quizzes found
Score Distribution
Percent of People with Each Score
Percentile by Number Answered
Your Score History
You have not taken this quiz